[Event "Steyr Landesliga 1920"]
[Site "Austria"]
[Date "2019.12.07"]
[Round "6.7"]
[White "Steinkogler, Michael"]
[Black "Hofbauer, Karl"]
[Result "1-0"]
[WhiteElo "1969"]
[BlackElo "1947"]
[PlyCount "69"]
[EventDate "2019.09.28"]
[EventType "team-tourn"]
[EventRounds "11"]
[EventCountry "AUT"]
[SourceTitle "CBM 194 Extra"]
[Source "ChessBase"]
[SourceDate "2020.03.31"]
[SourceVersion "1"]
[SourceVersionDate "2020.03.31"]
[SourceQuality "1"]
[WhiteTeam "Gratwein Strassengel"]
[BlackTeam "Krieglach Windheimat"]
[WhiteTeamCountry "AUT"]
[BlackTeamCountry "AUT"]

1. e4 c5 2. d4 cxd4 3. c3 dxc3 4. Nxc3 Nc6 5. Nf3 e6 6. Bc4 a6 7. 0-0 b5 8. Bb3 Bb7 9. Bf4 Nge7 10. Rc1 Ng6 11. Bg3 Be7 12. Qe2 0-0 13. Rfd1 Na5 14. Bc2 Nc4 15. Bb1 d6 16. a4 Qb6 17. Bd3 h5 18. h4 Nce5 19. Nxe5 dxe5 20. axb5 axb5 21. Qxh5 b4 22. Ne2 Ra5 23. Qg4 Ra2 24. Rb1 Bc5 25. h5 Nf4 26. Nxf4 exf4 27. h6 g6 28. Qxf4 Kh7 29. Qf6 Bd4 30. e5 Kxh6 31. Bxg6 fxg6 32. Qxf8+ Kh7 33. Qf7+ Kh8 34. Bh4 Bxe5 35. Qf8+ 1-0